000 00325nam a2200133Ia 4500
008 191201s2013 xx 000 0 und d
082 _a004.6
_bFOD
100 _aFOROUZAN, Behrouz A
245 0 _aData Communications and Networking
250 _aRep
260 _c2013
_bTMH
_aNEW DELHI
300 _a1226
942 _2ddc
_cBK
_05
999 _c7887
_d7887